000 00306nam a22001337a 4500
008 170320b xxu||||| |||| 00| 0 eng d
020 _a9780262531955
041 _aeng
080 _a616.8
100 _a7
101 _aSHM
245 _aFOUNDATIONS IN SOCIAL NEUROSCIENCE
_cCACIOPPO, J.T
942 _2udc
_cBK
999 _c8163
_d8163